| 000 | 00436nam a2200169Ia 4500 | ||
|---|---|---|---|
| 008 | 230917s9999||||xx |||||||||||||| ||und|| | ||
| 020 | _cRS499 | ||
| 040 |
_e250793 _aMAIN |
||
| 041 | _aEnglish | ||
| 082 | _a820.9 S21O | ||
| 100 | _aSaid, Edward W | ||
| 245 | 0 | _aOrientalism | |
| 260 |
_aGurgaon _bPenguin Random House India _c2001 |
||
| 300 | _a396 p. | ||
| 500 | _a3435 20/02/2019 UBS19/15890 06/03/2019 Main Budget | ||
| 942 | _cBK | ||
| 999 |
_c30642 _d30642 |
||